00783nam a22001817a 4500003000400000005001700004008004100021020001500062040002100077041000800098082002500106245003700131260004600168300008600214505025000300650002700550650002400577OSt20210326124056.0210326s1993 ck abo|gr|||| 00| 0 spa d a9586024164 aCO-JMCRcCO-JMCR0 aspa04aR / 912 /bC578g22300aGran atlas ilustrado del mundo / aBogotá : bCirculo de lectores, c1993. axlviii, 252 páginas : bilustraciones, mapas y fotografías a color ; c36 cm. aLa tierra desde el espacio. -- fotografías de satélite. -- El mundo. -- Europa. -- Asia. -- África. -- América. -- Australia y Oceanía. -- Regiones polares. -- Cartas celestes. -- La naturaleza de la tierra. -- Índice de topónimos 14aGeografía universal 24aAtlas del universo